| Tag |
First Indicator |
Second Indicator |
Subfields |
| LEADER |
00000cam a2200000 a 4500 |
| 001 |
in00000019281 |
| 005 |
20151007054225.0 |
| 008 |
840220s1983 nyu b 00100 eng d |
| 035 |
|
|
|a (OCoLC)10435567
|
| 035 |
|
|
|9 AAB4375AM
|
| 040 |
|
|
|a UIU
|c UIU
|d PIT
|d m/c
|d TXA
|d UtOrBLW
|
| 043 |
|
|
|a e-pl---
|
| 049 |
|
|
|a TXAM
|c [A12593066]
|
| 050 |
|
4 |
|a Z2528.D7
|b P64 1983
|
| 245 |
0 |
0 |
|a Polish plays in translation :
|b an annotated bibliography /
|c compiled and edited by Daniel Gerould [and others] ; prepared under auspices of the Institute for Contemporary East European Drama and Theatre of the Center for Advanced Study in Theatre Arts (CASTA).
|
| 264 |
|
1 |
|a [New York] :
|b [CASTA], the Graduate School and University Center of the City University of New York,
|c [1983]
|
| 264 |
|
4 |
|c ©1983
|
| 300 |
|
|
|a 133 pages ;
|c 28 cm.
|
| 336 |
|
|
|a text
|b txt
|2 rdacontent
|
| 337 |
|
|
|a unmediated
|b n
|2 rdamedia
|
| 338 |
|
|
|a volume
|b nc
|2 rdacarrier
|
| 500 |
|
|
|a Supplement in pocket.
|
| 500 |
|
|
|a "A CASTA publication."
|
| 504 |
|
|
|a Bibliography: pages 119-133.
|
| 500 |
|
|
|a Includes index.
|
| 650 |
|
0 |
|a Polish drama
|y 20th century
|x Translations into English
|x Bibliography.
|
| 650 |
|
0 |
|a English drama
|x Translations from Polish
|x Bibliography.
|
| 700 |
1 |
|
|a Gerould, Daniel C.
|q (Daniel Charles),
|d 1928-2012.
|
| 710 |
2 |
|
|a Center for Advanced Study in Theatre Arts.
|b Institute for Contemporary East European Drama and Theatre.
|
| 999 |
|
|
|a MARS
|
| 999 |
f |
f |
|s 7b8cfe05-fc0e-35ae-a087-f5f77a4d8752
|i a45f8e9d-55a3-3812-ad4a-557bc0d92528
|t 0
|
| 952 |
f |
f |
|p ric
|a Texas A&M University
|b Rellis Campus
|c Joint Library Facility
|d Remote Storage
|t 0
|e Z2528.D7 P64 1983
|h Library of Congress classification
|i unmediated -- volume
|m A14812593066
|
| 998 |
f |
f |
|a Z2528.D7 P64 1983
|t 0
|l Remote Storage
|